[Event "German Bundesliga 2021-22"]
[Site "Germany"]
[Date "2022.04.30"]
[Round "5.13"]
[White "Fruebing, Stefan"]
[Black "Kozul, Zdenko"]
[Result "0-1"]
[WhiteElo "2374"]
[BlackElo "2619"]
[Annotator "TA"]
[PlyCount "64"]
[EventDate "2022.03.05"]
[EventType "team-tourn"]
[EventCountry "GER"]
[SourceTitle "playchess.com"]
[Source "ChessBase"]
[SourceQuality "1"]
[TimeControl "40/5400+30:1800+30"]

{[%evp 12,64,54,30,42,38,47,14,20,18,25,18,27,-20,0,-16,-23,-27,0,0,-7,-12,0,-135,-61,-66,-66,-64,-54,-72,-66,-103,-66,-78,-68,-89,-83,-384,-377,-402,-398,-367,-218,-295,-313,-308,-302,-348,-326,-364,-366,-1386,-1334,-1616,-1445]} 1. e4 {[%emt 0:00:00]} c5 {[%emt 0:00:00]} 2. Nf3 {[%emt 0:00:00]} e6 {[%emt 0:00:00]} 3. d4 {[%emt 0:00:00]} cxd4 {[%emt 0:00:00]} 4. Nxd4 {[%emt 0:00:00]} a6 {[%emt 0:00:00]} 5. Bd3 {[%emt 0:00:00]} d6 {[%emt 0:00:00]} 6. O-O {[%emt 0:00:00]} Nf6 {[%emt 0:00:00]} 7. Qe2 {[%emt 0:00:00]} Nbd7 {[%emt 0:00:00] B42: Sicilian: Kan Variation: 5 Bd3.} 8. c4 {[%emt 0:00:00]} g6 {[%emt 0:00:00]} 9. b3 {[%emt 0:00:00]} Bg7 {[%emt 0:01:00] The position is equal.} 10. Bb2 {[%emt 0:00:00]} O-O {[%emt 0:00:30]} 11. Nc3 {[%emt 0:01:00]} Re8 {[%emt 0:15:30][%cal Od6d5] [#]} 12. f4 $146 {[%emt 0:19:30]} (12. Rfe1 {is superior.}) ({Predecessor:} 12. Rad1 b6 13. Bb1 Bb7 14. Nf3 Qc7 15. Qd2 Bf8 16. Rfe1 Rad8 17. Qd4 Bc6 18. h3 {1-0 (35) Gelashvili,T (2612)-Arsovic,G (2469) Kavala 2008}) 12... Qb6 {[%emt 0:23:30]} 13. Na4 {[%emt 0:01:30]} Qa7 {[%emt 0:00:00] White must now prevent ...e5.} 14. Kh1 $1 {[%emt 0:01:30]} e5 {[%emt 0:00:00]} 15. fxe5 {[%emt 0:16:30]} Nxe5 {[%emt 0:00:30]} 16. Rae1 {[%emt 0:05:30]} (16. Nc2 {keeps more tension.} b5 17. cxb5 Bg4 18. Qd2) 16... Bd7 {[%emt 0:09:30]} 17. Bc2 {[%emt 0:05:30] [#]} (17. Nf3 $11) 17... Bxa4 {[%emt 0:04:30]} ({Better is} 17... b5 $1 $17 {[%cal Rb5a4]} 18. cxb5 axb5 19. Nxb5 Qb8) 18. bxa4 $15 {[%emt 0:00:30]} Qc5 {[%emt 0:04:30]} 19. Nf3 $1 {[%emt 0:17:30]} Nfd7 {[%emt 0:05:30] Black is much more active. Pair of Knights!} ({Much worse is} 19... Qxc4 20. Nxe5 Qxe2 21. Rxe2 $11) 20. Bb3 {[%emt 0:03:30]} Re7 {[%emt 0:05:30]} 21. Rd1 {[%emt 0:05:30]} Rae8 {[%emt 0:04:30]} 22. Rd5 {[%emt 0:04:33]} Qc7 {[%emt 0:00:30]} 23. Ba3 {[%emt 0:04:06]} Nc5 {[%emt 0:01:30]} 24. Rfd1 $2 {[%emt 0:04:29][%mdl 8192] Now White is beyond hope.} (24. Nxe5 $17 Rxe5 25. Qd1) 24... Ng4 $19 {[%emt 0:03:30]} 25. Bxc5 {[%emt 0:05:07]} dxc5 {[%emt 0:00:30]} 26. Bc2 {[%emt 0:00:00]} Nf6 {[%emt 0:00:30]} (26... Bd4 $142 {Hoping for ...Nf2+.} 27. Rf1 f5) 27. Rd6 {[%emt 0:02:25]} Nxe4 {[%emt 0:01:30]} 28. Bxe4 {[%emt 0:00:10]} Rxe4 {[%emt 0:00:00]} 29. Qd3 {[%emt 0:00:19]} Bd4 {[%emt 0:06:22]} 30. Rd5 {[%emt 0:00:14]} Re2 {[%emt 0:00:18] ...R8e3 is the strong threat.} 31. Qa3 {[%emt 0:04:09]} (31. Qb1) 31... R8e3 {[%emt 0:01:17]} 32. Qc1 {[%emt 0:00:15] [#]} Rxf3 $1 {[%emt 0:00:57][%mdl 512] Weighted Error Value: White=0.76/Black=0.14 (very precise)} 0-1

[Event "German Bundesliga 2021-22"]
[Site "Germany"]
[Date "2022.04.30"]
[Round "5.14"]
[White "Braun, Arik"]
[Black "Heinemann, Thies"]
[Result "1-0"]
[WhiteElo "2587"]
[BlackElo "2495"]
[Annotator "TA"]
[PlyCount "109"]
[EventDate "2022.03.05"]
[EventType "team-tourn"]
[EventCountry "GER"]
[SourceTitle "playchess.com"]
[Source "ChessBase"]
[SourceQuality "1"]
[TimeControl "40/5400+30:1800+30"]

{[%evp 12,109,10,9,16,13,10,4,8,0,0,0,0,0,0,0,0,0,0,0,0,0,0,0,0,-25,0,-7,0,7,17,6,22,11,11,11,12,0,24,24,19,37,17,13,17,17,13,13,13,13,13,13,13,13,13,13,13,13,62,13,13,13,67,68,174,85,75,85,147,154,154,154,154,151,133,90,168,132,192,193,336,333,334,345,29957,29958,29957,29956,29946,29946,29947,7482,10406,5497,29975,29976,29978,29979,29978,29979]} 1. d4 {[%emt 0:00:00]} Nf6 {[%emt 0:00:00]} 2. Bg5 {[%emt 0:00:00]} e6 {[%emt 0:00:00]} 3. Nd2 {[%emt 0:00:00]} c5 {[%emt 0:00:00]} 4. e3 {[%emt 0:00:00]} h6 {[%emt 0:03:00]} 5. Bh4 {[%emt 0:00:00]} cxd4 {[%emt 0:00:24]} 6. exd4 {[%emt 0:00:00]} Be7 {[%emt 0:00:24]} 7. Ngf3 {[%emt 0:00:00]} b6 {[%emt 0:00:50] A46: 1 d4 Nf6 2 Nf3 e6: Torre, London and Colle Systems.} 8. Bd3 {[%emt 0:00:00]} Ba6 {[%emt 0:02:36]} 9. Bxf6 $5 {[%emt 0:07:58][%mdl 4] Exploring less charted territory.} Bxf6 {[%emt 0:00:46] [#] The position is equal.} 10. Qe2 $146 {[%emt 0:01:54]} ({Predecessor:} 10. Ne4 O-O 11. O-O Bxd3 12. Qxd3 Nc6 13. d5 Bxb2 14. dxc6 Bxa1 15. Rxa1 dxc6 16. Qe2 {0-1 (28) Lipka,J (2426)-Stohl,I (2534) Czech Republic 2001}) 10... Bxd3 {[%emt 0:02:53]} 11. Qxd3 {[%emt 0:00:05]} Nc6 {[%emt 0:01:48]} 12. c3 {[%emt 0:01:51]} d5 {[%emt 0:01:20]} 13. Nb3 {[%emt 0:05:08][%cal Bd2b3,Bb3c1,Bc1d3,Bd3c5][%mdl 32]} Qc7 {[%emt 0:02:37]} 14. h4 {[%emt 0:03:57]} h5 {[%emt 0:06:01]} 15. g3 {[%emt 0:00:27]} g6 {[%emt 0:06:49]} 16. O-O {[%emt 0:01:45]} Ne7 {[%emt 0:05:45]} 17. Qe2 {[%emt 0:07:09]} Nf5 {[%emt 0:04:56]} 18. Nc1 {[%emt 0:00:50]} O-O {[%emt 0:02:15]} (18... Rg8 $5 {[%cal Rg6g5]}) 19. Nd3 {[%emt 0:00:26]} b5 {[%emt 0:05:37]} 20. a4 {[%emt 0:08:11]} a6 {[%emt 0:27:58]} 21. Rfc1 {[%emt 0:11:46]} Qd6 {[%emt 0:02:41][%cal Ob5b4]} 22. axb5 {[%emt 0:08:44]} axb5 {[%emt 0:00:14]} 23. b4 {[%emt 0:00:20]} Qc7 {[%emt 0:04:35] White must now prevent ...Rxa1.} 24. Nc5 {[%emt 0:01:23]} Nd6 {[%emt 0:01:20]} 25. Ra2 {[%emt 0:03:43]} Rxa2 {[%emt 0:05:01]} 26. Qxa2 {[%emt 0:00:06]} Ne4 {[%emt 0:03:09]} 27. Qe2 {[%emt 0:09:46][%csl LRb5,LRe4]} Qc6 {[%emt 0:01:58]} 28. Qe1 {[%emt 0:00:21]} Bg7 $1 {[%emt 0:03:09]} 29. Ra1 {[%emt 0:03:48]} Ra8 {[%emt 0:01:04] Inhibits Ra6.} 30. Rxa8+ Qxa8 {[%emt 0:00:01]} 31. Nxe4 {[%emt 0:02:27]} dxe4 {[%emt 0:00:05]} 32. Ng5 {[%emt 0:00:14]} e5 {[%emt 0:01:27]} 33. dxe5 {[%emt 0:00:19]} Bxe5 {[%emt 0:01:22]} 34. Nxe4 {[%emt 0:00:23]} Qd5 {[%emt 0:01:14]} (34... Qc6 $11) 35. Nc5 {[%emt 0:04:52]} (35. Ng5 $1 $14) 35... Kh7 {[%emt 0:01:27]} 36. Qe3 {[%emt 0:01:53]} Bg7 {[%emt 0:00:58]} (36... Kg8 $11) 37. Ne4 $14 {[%emt 0:00:56]} Qc6 {[%emt 0:01:24]} (37... Kg8 $14) 38. Qd3 {[%emt 0:00:51]} (38. Ng5+ $18 {and White stays clearly on top.} Kg8 39. Qe7) 38... Be5 $16 {[%emt 0:00:31]} 39. Nc5 {[%emt 0:01:26]} Kg7 {[%emt 0:01:06]} (39... Kg8 $142) 40. c4 $1 {[%emt 0:01:46]} bxc4 {[%emt 0:00:38]} 41. Qxc4 {[%emt 0:30:06]} Qd6 {[%emt 0:00:00]} 42. Kg2 {[%emt 0:00:00] White is more active.} Bd4 {[%emt 0:00:00]} 43. Nd3 {[%emt 0:00:00]} Kg8 {[%emt 0:00:00]} (43... Qd7 $16) 44. Nf4 {[%emt 0:00:00][%cal Of4g6] aiming for Nxg6!} Kg7 {[%emt 0:00:00]} (44... Ba7 $16 {was necessary.} 45. Qc8+ Kg7) 45. b5 $1 $18 {[%emt 0:00:00][%cal Bb4b5,Bb5b6][%mdl 32] And now Nd5 would win.} Qe5 {[%emt 0:05:17]} (45... Qd7 {was worth a try.} 46. Qd5 Qa7) 46. Qd5 {[%emt 0:00:00]} Qf6 {[%emt 0:04:05] [#]} 47. Qc6 {[%emt 0:00:00]} Ba7 $2 {[%emt 0:06:18]} (47... Be5 $18 48. Nd5 Qf5) 48. Qxf6+ {[%emt 0:00:00]} Kxf6 {[%emt 0:00:01] KB-KN} 49. b6 {[%emt 0:00:00]} Bb8 {[%emt 0:00:07]} 50. Nd5+ {[%emt 0:00:00]} Ke6 {[%emt 0:01:42] [#]} 51. Nb4 $1 {[%emt 0:00:00] b7 would kill now.} Kd7 {[%emt 0:00:29]} 52. Na6 {[%emt 0:00:00]} Kc8 {[%emt 0:00:12]} 53. Nxb8 {[%emt 0:00:00] White mates.} Kxb8 {[%emt 0:00:06]} 54. Kf3 {[%emt 0:00:00]} Kb7 {[%emt 0:00:38]} 55. Ke4 {[%emt 0:00:00] Weighted Error Value: White=0.06 (flawless) /Black=0.46} 1-0

[Event "German Bundesliga 2021-22"]
[Site "Germany"]
[Date "2022.04.30"]
[Round "5.14"]
[White "Heimann, Andreas"]
[Black "Mueller, Nick"]
[Result "1/2-1/2"]
[WhiteElo "2581"]
[BlackElo "2375"]
[Annotator "TA"]
[PlyCount "68"]
[EventDate "2022.03.05"]
[EventType "team-tourn"]
[EventCountry "GER"]
[SourceTitle "playchess.com"]
[Source "ChessBase"]
[SourceQuality "1"]
[TimeControl "40/5400+30:1800+30"]

{[%evp 9,68,19,31,17,22,17,14,18,19,17,18,16,15,22,22,14,18,14,12,8,10,9,21,9,16,-10,24,24,25,27,30,0,0,0,0,-7,0,0,0,-40,-33,-38,0,-34,-44,-43,-49,-58,-68,-63,0,0,0,0,0,0,0,0,0,0,0]} 1. d4 {[%emt 0:00:00]} d5 {[%emt 0:00:00]} 2. c4 {[%emt 0:00:00]} c6 {[%emt 0:00:00]} 3. Nf3 {[%emt 0:00:00]} Nf6 {[%emt 0:00:00]} 4. e3 {[%emt 0:00:00]} Bf5 {[%emt 0:00:00]} 5. Nc3 {[%emt 0:00:00]} a6 {[%emt 0:00:00]} 6. Bd3 {[%emt 0:00:00] D15: Slav Defence: 4 Nc3 a6 and gambit lines after 4 Nc3 dxc4.} Bxd3 {[%emt 0:00:30]} 7. Qxd3 {[%emt 0:00:00]} e6 {[%emt 0:00:30]} 8. O-O {[%emt 0:00:00]} Nbd7 {[%emt 0:09:30]} 9. e4 {[%emt 0:13:00]} dxe4 {[%emt 0:02:30]} 10. Nxe4 {[%emt 0:00:00]} Nxe4 {[%emt 0:01:30]} 11. Qxe4 {[%emt 0:00:00]} Be7 {[%emt 0:01:30]} 12. Bf4 {[%emt 0:06:30]} O-O {[%emt 0:01:30]} 13. Rad1 {[%emt 0:09:30]} Qa5 {[%emt 0:07:30]} 14. Qc2 {[%emt 0:09:30]} Rac8 {[%emt 0:09:30] [#]} 15. Rfe1 $146 {[%emt 0:03:30]} ({Predecessor:} 15. a3 Rfe8 16. Rfe1 Bf6 17. b4 Qh5 18. h3 a5 19. Qe4 axb4 20. axb4 Qg6 21. Qxg6 hxg6 {0-1 (47) Shulman,Y (2542)-Zhou,W (2616) Ningbo 2013}) 15... Rfd8 {[%emt 0:05:30]} 16. a3 {[%emt 0:04:30]} Nf8 {[%emt 0:12:30]} 17. Be5 {[%emt 0:30:30]} Bd6 {[%emt 0:04:30]} 18. b4 {[%emt 0:03:38]} Qc7 {[%emt 0:00:30]} (18... Qxa3 $2 19. Bxd6 Rxd6 20. Ra1 Qxb4 21. Reb1 Qxb1+ 22. Rxb1 $18) 19. c5 {[%emt 0:03:46]} Bxe5 {[%emt 0:00:30]} 20. dxe5 {[%emt 0:02:51]} Rd5 {[%emt 0:00:30]} 21. h4 {[%emt 0:03:01]} Rcd8 {[%emt 0:02:30][%cal Bc8d8,Bd8d5,Bd5d3][%mdl 32]} 22. h5 {[%emt 0:00:07]} h6 {[%emt 0:01:30]} 23. Rxd5 {[%emt 0:01:42]} Rxd5 {[%emt 0:00:30]} 24. Qe4 {[%emt 0:02:37]} Qd8 {[%emt 0:01:30]} 25. Qf4 {[%emt 0:00:53]} Rd3 {[%emt 0:04:30]} 26. Re3 {[%emt 0:00:25]} Qd5 {[%emt 0:01:30]} 27. g4 {[%emt 0:01:16]} Rd1+ {[%emt 0:01:30]} 28. Kg2 {[%emt 0:00:38]} Nh7 $1 {[%emt 0:02:30]} 29. Qe4 {[%emt 0:00:05]} Ng5 {[%emt 0:01:30]} (29... Qd8 $15) 30. Qxd5 $11 {[%emt 0:01:50] The position is equal.} cxd5 {[%emt 0:01:30]} 31. Re1 {[%emt 0:03:31]} Rd3 {[%emt 0:06:30][%csl LRa3,LRf3]} 32. Re3 {[%emt 0:00:04]} Rd1 {[%emt 0:03:58]} 33. Re1 {[%emt 0:00:04]} Rd3 {[%emt 0:00:30][%csl LRa3,LRf3]} 34. Re3 {[%emt 0:00:06]} Rd1 {[%emt 0:00:07] Weighted Error Value: White=0.06 (flawless) /Black=0.05 (flawless)} 1/2-1/2

[Event "German Bundesliga 2021-22"]
[Site "Germany"]
[Date "2022.04.30"]
[Round "5.14"]
[White "Radovanovic, Nikola"]
[Black "Maiwald, Jens-Uwe"]
[Result "0-1"]
[WhiteElo "2423"]
[BlackElo "2430"]
[Annotator "TA"]
[PlyCount "82"]
[EventDate "2022.03.05"]
[EventType "team-tourn"]
[EventCountry "GER"]
[SourceTitle "playchess.com"]
[Source "ChessBase"]
[SourceQuality "1"]
[TimeControl "40/5400+30:1800+30"]

{[%evp 20,82,46,25,63,58,85,86,86,75,107,47,70,45,46,35,30,16,40,11,69,13,45,39,47,18,100,33,54,0,48,0,11,12,78,54,68,-11,-2,-14,6,-30,-24,-220,-224,-179,-60,-403,-409,-629,-631,-729,-716,-702,-688,-1202,-1141,-988,-645,-29987,-1512,-29981,-29977,-29968,-2066]} 1. e4 {[%emt 0:00:00]} c5 {[%emt 0:00:00]} 2. Nf3 {[%emt 0:00:00]} e6 {[%emt 0:00:00]} 3. d4 {[%emt 0:00:00]} cxd4 {[%emt 0:00:00]} 4. Nxd4 {[%emt 0:00:00]} a6 {[%emt 0:00:00]} 5. c4 {[%emt 0:00:00]} Nf6 {[%emt 0:00:00]} 6. Nc3 {[%emt 0:00:00]} Qc7 {[%emt 0:00:00]} 7. Be2 {[%emt 0:00:00]} b6 {[%emt 0:01:48]} 8. O-O {[%emt 0:00:00]} Bb7 {[%emt 0:00:07]} 9. Qd3 {[%emt 0:00:00]} d6 {[%emt 0:02:48]} 10. f4 {[%emt 0:00:36]} Nbd7 {[%emt 0:19:23]} 11. b4 {[%emt 0:02:43]} Be7 {[%emt 0:11:01] B41: Sicilian: Kan Variation: 5 c4.} 12. a3 {[%emt 0:06:29]} g6 {[%emt 0:04:06] [#]} 13. Bd2 $146 {[%emt 0:13:43]} ({Predecessor:} 13. Bb2 O-O 14. Rac1 Rac8 15. g4 e5 16. g5 Ne8 17. Nf3 Qd8 18. Nd5 exf4 19. Qd4 {½-½ (45) Kyshtymov,D (2032)-Sukhareva,E (2234) Voronezh 2018}) 13... Rc8 {[%emt 0:08:34] White is better.} 14. Rac1 {[%emt 0:08:09]} Qb8 {[%emt 0:00:12]} 15. Nb3 {[%emt 0:05:42]} (15. Qe3 $16) 15... O-O {[%emt 0:07:04]} 16. Bf3 {[%emt 0:19:40]} Rfd8 {[%emt 0:03:24]} 17. Qe2 {[%emt 0:05:16]} Bf8 {[%emt 0:05:54]} 18. g4 {[%emt 0:09:11][%cal Bg2g4,Bg4g5][%mdl 32]} Bg7 $1 {[%emt 0:00:28]} 19. g5 {[%emt 0:02:37]} Ne8 {[%emt 0:00:08]} (19... Nh5 $1 $11) 20. Bg2 {[%emt 0:01:21]} (20. h4 $14) 20... Rc7 {[%emt 0:01:11]} 21. Nd1 {[%emt 0:02:26]} Qa8 {[%emt 0:10:42]} 22. Nf2 {[%emt 0:07:03]} f5 {[%emt 0:00:34]} (22... Rdc8 $1 $11 {remains equal.}) 23. Bc3 {[%emt 0:06:53]} ({Better is} 23. gxf6 $16 Nexf6 24. a4) 23... e5 {[%emt 0:04:34]} 24. Nd2 {[%emt 0:00:43]} (24. Bh3 $14) 24... exf4 {[%emt 0:10:12]} (24... Nf8 $1 $11) 25. Nd3 {[%emt 0:02:15]} (25. Nh3 $1 $14) 25... Bxc3 {[%emt 0:03:36]} 26. Rxc3 {[%emt 0:00:06] With the idea exf5.} Ng7 {[%emt 0:00:12]} (26... f3 $1 $11 27. Bxf3 Ng7) 27. Nxf4 $16 {[%emt 0:02:51]} Re8 {[%emt 0:00:48][%cal Rf5e4]} 28. Qd3 {[%emt 0:02:12]} (28. c5 $1 $14 d5 29. Qd1 (29. c6 Rxc6 30. Nxd5 Rxc3 $15)) 28... Ne5 $11 {[%emt 0:00:18]} 29. Qd4 {[%emt 0:01:21]} ({Don't go for} 29. Qxd6 $2 Rd7 30. Qxb6 Rxd2 $19) 29... Rf7 {[%emt 0:01:04]} 30. exf5 {[%emt 0:01:34]} (30. Qxd6 $2 Rd7 31. Qxb6 Rxd2 $19) 30... Nxf5 {[%emt 0:00:07]} 31. Qxb6 {[%emt 0:00:30]} (31. Bxb7 $1 $11 {and White stays safe.} Nxd4 32. Bxa8 Rxa8 33. Kg2) 31... Bxg2 $19 {[%emt 0:02:04]} 32. Nxg2 {[%emt 0:00:03]} d5 {[%emt 0:00:05]} (32... Ng4 $1 $19 {White must now prevent ...Rb8.} 33. Rd3 (33. Re1 $2 Nh4 $19) 33... Re2) 33. c5 $2 {[%emt 0:01:58][%mdl 8192]} (33. Ne3 $1 $15) 33... d4 {[%emt 0:00:20]} 34. Rh3 {[%emt 0:00:24]} (34. Rcc1 $142 Ne3 35. c6 (35. Nxe3 $2 dxe3 36. Rxf7 exd2 $19) 35... Nxf1 36. Rxf1) 34... Nd7 {[%emt 0:02:29]} 35. Qc7 {[%emt 0:00:53] [#]} Re2 $1 {[%emt 0:00:23][%csl Ge2,LRd2,LRg2][%cal Ra8g2]} 36. Nf3 {[%emt 0:01:12]} Nf8 {[%emt 0:01:31]} 37. Qb6 {[%emt 0:00:35] [#]} Rxg2+ {[%emt 0:00:26][%mdl 576] Remove Defender, Decoy} 38. Kxg2 {[%emt 0:00:03]} Ne3+ {[%emt 0:00:06] Pair of Knights!} 39. Kf2 {[%emt 0:00:59]} Nxf1 {[%emt 0:00:22]} (39... Qe4 $142 40. Rg1 Qc2+ 41. Kg3 Nf5+ 42. Kf4 Nd6+ 43. Kg3 Nf5+ 44. Kf4 Nh4+ 45. Qf6 Rxf6+ 46. gxf6 Qf5+ 47. Kg3 Qxf3+ 48. Kxh4 Qf2+ 49. Rhg3 Qxh2+ 50. Rh3 Qxg1 51. Rh1 Qxh1+ 52. Kg4 d3 53. Kf4 d2 54. Kg3 d1=Q 55. f7+ Kxf7 56. Kf4 Qdf3+ 57. Kg5 h6#) 40. c6 {[%emt 0:00:23] [#]} Qc8 $1 {[%emt 0:01:31]} 41. Rh4 {[%emt 0:00:00] [#]} (41. Qxd4 Qxh3) 41... Nd2 {[%emt 0:00:00] Weighted Error Value: White=0.96/Black=0.38} (41... Qf5 $142 $1 42. Qxd4 Qxf3+ 43. Ke1 Re7+ 44. Re4 Rxe4+ 45. Qxe4 Qxe4+ 46. Kxf1 Qxc6 47. Kf2 Qc3 48. h4 Ne6 49. Ke2 Nd4+ 50. Kf2 Qf3+ 51. Kg1 Ne2+ 52. Kh2 Qg3+ 53. Kh1 Qh3#) 0-1

[Event "German Bundesliga 2021-22"]
[Site "Germany"]
[Date "2022.04.30"]
[Round "5.14"]
[White "Sonntag, Hans-Hubert"]
[Black "Novikov, Igor"]
[Result "0-1"]
[WhiteElo "2322"]
[BlackElo "2551"]
[Annotator "TA"]
[PlyCount "47"]
[EventDate "2022.03.05"]
[EventType "team-tourn"]
[EventCountry "GER"]
[SourceTitle "playchess.com"]
[Source "ChessBase"]
[SourceQuality "1"]
[TimeControl "40/5400+30:1800+30"]

{[%evp 15,47,11,26,11,15,22,36,10,19,11,18,14,13,-29,-31,-39,-31,-47,-47,-31,-27,-36,-55,-57,-49,-141,-127,-144,-143,-162,-177,-1068,-204,-226]} 1. d4 {[%emt 0:00:00]} d5 {[%emt 0:00:00]} 2. Nf3 {[%emt 0:00:00]} Nf6 {[%emt 0:00:00]} 3. e3 {[%emt 0:00:00]} c5 {[%emt 0:00:00]} 4. c4 {[%emt 0:00:00]} e6 {[%emt 0:00:00]} 5. Nc3 {[%emt 0:00:00]} a6 {[%emt 0:00:00]} 6. a3 {[%emt 0:00:00]} Nc6 {[%emt 0:00:00]} 7. dxc5 {[%emt 0:00:00]} Bxc5 {[%emt 0:00:00]} 8. b4 {[%emt 0:00:00]} Bd6 {[%emt 0:00:00]} 9. Bb2 {[%emt 0:00:00] D40: Queen's Gambit Declined: Semi-Tarrasch with 5 e3.} dxc4 {[%emt 0:21:30]} 10. Bxc4 {[%emt 0:00:00] [#]} Qe7 $146 {[%emt 0:00:56]} ({Predecessor:} 10... O-O 11. O-O b5 12. Bd3 Ne5 13. Nxb5 Nxd3 14. Bxf6 Bxh2+ 15. Nxh2 Qxf6 16. Nc7 Ra7 17. Nxe6 Bxe6 18. Qxd3 Rd8 19. Qe2 {1-0 (45) Lenic,L (2617)-Jelen,I (2376) Sentjur 2013}) 11. Qe2 {[%emt 0:08:26] White is slightly better.} Bd7 {[%emt 0:02:08]} 12. O-O {[%emt 0:07:13]} Rc8 {[%emt 0:02:18]} 13. Bd3 {[%emt 0:03:09]} O-O {[%emt 0:10:53]} 14. e4 {[%emt 0:13:11] [#] aiming for e5.} Ne5 {[%emt 0:09:46]} 15. Nxe5 {[%emt 0:01:21]} Bxe5 {[%emt 0:00:04]} 16. Nd1 {[%emt 0:03:37][%cal Bc3d1,Bd1e3,Be3c4,Bc4b2,Bb2d3][%mdl 32]} Qd6 {[%emt 0:05:13]} 17. Bxe5 {[%emt 0:00:39]} Qxe5 {[%emt 0:00:03]} 18. Ne3 {[%emt 0:01:52]} Rc3 {[%emt 0:06:25]} ({Much less strong is} 18... Nxe4 19. Ng4 Qc7 20. Bxe4 $14 (20. Qxe4 f5 $11)) 19. Nc4 {[%emt 0:07:50]} Qd4 {[%emt 0:01:48]} 20. Rad1 {[%emt 0:10:52]} (20. Rfd1 $1 $15) 20... Bb5 $36 {[%emt 0:04:48][%cal Rb5c4][%mdl 2048] Black is in control.} 21. Nb2 {[%emt 0:04:17]} Bxd3 {[%emt 0:01:57] Black is more active.} 22. Nxd3 {[%emt 0:01:24]} Rxa3 {[%emt 0:03:21]} ({Don't play} 22... Nxe4 23. Nc5 Qc4 24. Qxe4 $18) 23. Ra1 $2 {[#]} (23. Rfe1) 23... Rc3 $2 (23... Rxa1 24. Rxa1 Qxa1+ 25. Qe1 Qxe1+ 26. Nxe1 Nxe4) 24. Rfd1 {Weighted Error Value: White=0.69/Black=0.56} 0-1